000 00603cam a22002293a 4500
001 24233
003 PGUSA
005 20140828083522.0
008 080110s2008||||xxu|||||s|||||000 | eng d
040 _aPGUSA
_beng
042 _adc
050 4 _aPL
100 1 _aQingxidaoren,
_d17th cent.
245 1 0 _a東度記
_h[electronic resource] /
_cQingxidaoren
260 _bProject Gutenberg,
_c2008
506 _aPublic domain in the USA.
516 _aElectronic text
740 0 _aDong-Du-Ji
830 0 _aProject Gutenberg
_v24233
856 4 0 _uhttp://www.gutenberg.org/ebooks/24233
942 _cEB
999 _c253488
_d253488